| 000 | 00779cam a2200169 4500 | ||
|---|---|---|---|
| 001 | ABS60970 | ||
| 008 | 000000n1999 000 0 eng u | ||
| 035 | _a(Sirsi) u101516 | ||
| 100 | _aElseth, B. | ||
| 245 | 3 | _aAn evaluation of risk management tools. | |
| 260 | _c1999 | ||
| 490 |
_aCost Engineer _v37(4) July 1999, 13-18(6) |
||
| 520 | _aAssesses a commercial off-the-shelf risk management tool, two templates offering quantitative support and two uncertainty simulation tools. Evaluates them on how long it takes to learn to use them and how long it takes to run them. This paper was originally presented at the 15th International Cost Engineering Congress. | ||
| 650 | _aRISK MANAGEMENT | ||
| 690 | _aMANAGEMENT-BUSINESS MANAGEMENT-INFORMATION MANAGEMENT | ||
| 942 | _n0 | ||
| 999 |
_c60648 _d60648 |
||